| 000 | 00508nam a22001697a 4500 | ||
|---|---|---|---|
| 005 | 20251108172118.0 | ||
| 008 | 250721s1992 xx 000 0 ara d | ||
| 082 | 1 | 4 | _a933/قدس |
| 100 | 1 |
_aالعسلي، كامل جميل _eمترجم |
|
| 245 | 1 | 0 | _aالقدس في التاريخ / |
| 264 | 1 |
_aعمان : _bالجامعة الأردنية - عمادة البحث العلمي، _c1992. |
|
| 300 | _a373ص | ||
| 650 | 1 | 7 | _aالقدس |
| 650 | 1 | 7 | _aالتاريخ |
| 942 |
_2ddc _cBK |
||
| 999 |
_c70731 _d70731 |
||